000 00826nam a2200241Ia 4500
003 GCL
008 140319s9999 xx 000 0 ara d
020 _a0195039960
040 _aGCL /
_cGCL
082 0 4 _a304.28
_bح ا
100 1 _aحسين مصطفى غانم
245 1 0 _aالاسلام و حماية البيئة من التلوث /
_cحسين مصطفى غانم
250 _aالاولى
260 _aالرياض :
_bمكتبة الملك فهد الوطنية ،
_c1997
300 _a271 ص ؛
_c24 سم
650 0 4 _aالبيئة
650 0 4 _aتلوث البيئة
650 0 4 _aالاسلام
650 0 4 _aالبيئة والانسان
650 0 4 _aالبيئة و الانسان- الجوانب الاخلاقية
650 0 4 _aالبيئة و الجوانب الدينية
942 _2ddc
_cBK
999 _c6978
_d6978